000 00491nam a2200169 i 4500
001 49564
003 ES-MaACL
005 20230906162018.0
007 t|
008 030718s1966 sp ||||1| cat d
100 1 _aCosta-Pau, Manuel.
_941109
245 1 0 _aTuristes, sirenes i gent del pais /
_cM. Costa-Pau.
260 _aBarcelona :
_bAriel,
_c[1966]
300 _a322 p., 2 map. col. :
_bil. ;
_c19 cm.
650 4 _aTurismo-
_zCataluña.
_9168929
852 _aES-MaACL
_jC-30450
_bR.60765
999 _c49564
_d49564